El profeta
Salvato in:
| Autore principale: | |
|---|---|
| Natura: | Libro |
| Lingua: | spagnolo |
| Pubblicazione: |
Santiago
Origo
2017
|
| Edizione: | 1a. ed |
| Serie: | Viva Leer
|
| Soggetti: | |
| Tags: |
Aggiungi Tag
Nessun Tag, puoi essere il primo ad aggiungerne!!
|
MARC
| LEADER | 00000cam a2200000 a 4500 | ||
|---|---|---|---|
| 001 | UCC2181 | ||
| 003 | CL-VaPUC | ||
| 008 | 180114e20170000cl |||||||||||||||||spa|d | ||
| 020 | |a 9789563163797 | ||
| 082 | 0 | 4 | |a 892.7 |b GIB |2 21 |
| 100 | 0 | |a Gibrán, Khalil |e author |9 330386 | |
| 245 | 1 | 3 | |a El profeta |
| 246 | 1 | 3 | |a El jardín del profeta |
| 250 | |a 1a. ed | ||
| 300 | |a 126 p | ||
| 942 | |c BK | ||
| 945 | |d 20180114 20:51:00 |a dcastane | ||
| 260 | |a Santiago |b Origo |c 2017 | ||
| 650 | 7 | |a PROSA LIBANESA |2 CL-VaPUC |9 307955 | |
| 650 | 7 | |a FILOSOFIA ARABE |2 CL-VaPUC |9 307956 | |
| 583 | |a last modification |c 20180114 20:51:00 |k Rodrigo Vera | ||
| 490 | 0 | |a Viva Leer | |
| 999 | |c 370434 |d 370432 | ||
| 952 | |0 0 |1 0 |3 erb |4 0 |6 892_700000000000000_GIB_2017 |7 0 |8 C |9 486919 |a BIBCUR |b BIBCUR |i 5446880 |o 892.7 GIB 2017 |p 5446880 |r 2025-04-22 |w 2019-11-24 |y BK |z Catalogado en:20180114 |k CAC | ||